HBR's 10 must reads on communication. (Record no. 17518)

000 -LEADER
fixed length control field 00629cam a2200193 a 4500
020 ## - INTERNATIONAL STANDARD BOOK NUMBER
ISBN 9781422189863 (alk. paper)
040 ## - CATALOGING SOURCE
Transcribing agency DLC
082 00 - DEWEY DECIMAL CLASSIFICATION NUMBER
Classification number 658 HAR 2013 A116 Or.
245 00 - TITLE STATEMENT
Title HBR's 10 must reads on communication.
246 3# - VARYING FORM OF TITLE
Title proper/short title HBR's ten must reads on communication
246 3# - VARYING FORM OF TITLE
Title proper/short title Harvard business review's 10 must reads on communication
260 ## - PUBLICATION, DISTRIBUTION, ETC. (IMPRINT)
Place of publication Boston, Mass. :
Name of publisher Harvard Business Review Press,
Year of publication c2013.
300 ## - PHYSICAL DESCRIPTION
Number of Pages v, 190 p. ;
Dimensions 21 cm.
500 ## - GENERAL NOTE
General note Includes index.
650 #0 - SUBJECT ADDED ENTRY--TOPICAL TERM
Topical Term Business communication.
650 #0 - SUBJECT ADDED ENTRY--TOPICAL TERM
Topical Term Communication in management.
650 #0 - SUBJECT ADDED ENTRY--TOPICAL TERM
Topical Term Interpersonal communication.
942 ## - ADDED ENTRY ELEMENTS (KOHA)
Koha item type ADB
952 ## - LOCATION AND ITEM INFORMATION (KOHA)
Withdrawn status [LOCAL, KOHA] 0
952 ## - LOCATION AND ITEM INFORMATION (KOHA)
Withdrawn status [LOCAL, KOHA] 0
Holdings
Permanent Location Date acquired Koha item type Lost status Shelving location Barcode Current Location Full call number
Library Block A2018-12-04សៀវភៅភាសាអង់គ្លេស A116A37105Library Block A658 HAR 2013 A116 Or.
Library Block A2018-12-04សៀវភៅភាសាអង់គ្លេស A116A35799Library Block B658 HAR 2013 A116 Or.
មជ្ឈមណ្ឌលឯការនៃសាកលវិទ្យាល័យភូមិន្ទកសិកម្មចំការដូង

Powered by Koha